| 000 | 00931cam a22002651 4500 | ||
|---|---|---|---|
| 999 |
_c4672 _d4672 |
||
| 001 | 7293639 | ||
| 003 | OSt | ||
| 005 | 20181211165357.0 | ||
| 008 | 771101s1912 xx 000 0 eng | ||
| 010 | _a 12010659 | ||
| 035 | _a(OCoLC)3384965 | ||
| 040 |
_aDLC _cMoSpE _dOCoLC _dDLC |
||
| 042 | _apremarc | ||
| 050 | 0 | 0 |
_aBT77 _b.E82 |
| 082 |
_a230 _bE92G |
||
| 100 | 1 |
_aEvans, William, _d1870-1950. |
|
| 245 | 1 | 4 |
_aThe great doctrines of the Bible. Section two. _cby William Evans. |
| 260 |
_aChicago, _bThe Bible institute colportage association _c[1912] |
||
| 300 |
_a275 p. _c24 cm. |
||
| 500 | _aThe first chapter of this book: "The doctrine of God" (p. 1-48) was issued in 1911 with title "The great doctrines of the Bible. Section one." | ||
| 650 | 0 | _aTheology, Doctrinal. | |
| 710 | 2 | _aBible Institute Colportage Association (Chicago, Ill.) | |
| 906 |
_a7 _bcbc _coclcrpl _du _encip _f19 _gy-gencatlg |
||
| 942 |
_2ddc _cBK |
||